[Event "Oberliga Bayern 2122"]
[Site "Bayern"]
[Date "2022.05.15"]
[Round "5.8"]
[White "Moser, Wolfgang"]
[Black "Schlinkmeier, Karsten"]
[Result "0-1"]
[WhiteElo "1953"]
[BlackElo "2111"]
[PlyCount "148"]
[EventDate "2021.10.24"]
[EventType "team-tourn"]
[EventRounds "9"]
[EventCountry "GER"]
[SourceTitle "EXT 2024"]
[Source "ChessBase"]
[SourceDate "2023.10.10"]
[SourceVersion "1"]
[SourceVersionDate "2023.10.10"]
[SourceQuality "1"]
[WhiteTeam "Trostberg"]
[BlackTeam "Garching"]
[WhiteTeamCountry "GER"]
[BlackTeamCountry "GER"]

1. d4 d5 2. c4 c6 3. Nc3 Nf6 4. Nf3 dxc4 5. a4 Bg4 6. Ne5 Bh5 7. f3 Nfd7 8. Nxc4 e5 9. Be3 Bb4 10. Qb3 Qe7 11. dxe5 Na6 12. Bf2 Nac5 13. Qc2 Nxe5 14. Nxe5 Qxe5 15. e4 f5 16. Bg3 f4 17. Bf2 Bf7 18. Bxc5 Bxc5 19. 0-0-0 Be3+ 20. Kb1 Qc5 21. Qd3 0-0 22. Qd6 Qa5 23. b4 Qg5 24. g3 Bb3 25. Rd3 Rad8 26. Qc7 Qf6 27. e5 Qg6 28. Ne4 Bd5 29. Kb2 Rc8 30. Qd6 Bxe4 31. fxe4 Qxe4 32. Bh3 Rce8 33. Be6+ Kh8 34. Rhd1 fxg3 35. hxg3 c5 36. Bb3 c4 37. Bxc4 Qxc4 38. Rxe3 Rc8 39. Qd2 a5 40. e6 axb4 41. e7 Rfe8 42. Rc1 Qxc1+ 43. Qxc1 Rxc1 44. Kxc1 Kg8 45. Kc2 Kf7 46. Kb3 Rxe7 47. Rf3+ Ke6 48. Kxb4 h5 49. Kb5 Rd7 50. a5 Rd6 51. Rf8 Rd3 52. Rh8 Rxg3 53. Rxh5 Rb3+ 54. Kc4 Rb1 55. Kd4 Kf6 56. Rc5 g5 57. Ke3 Kg6 58. Kf3 Kh5 59. Kg3 Rb3+ 60. Kg2 Kh4 61. Rd5 Rb2+ 62. Kg1 g4 63. Rd3 Rb5 64. Rd7 Kh3 65. Kf1 Rxa5 66. Rxb7 Ra1+ 67. Ke2 g3 68. Kf3 Rf1+ 69. Ke2 Rf8 70. Rh7+ Kg2 71. Re7 Kg1 72. Re6 g2 73. Re7 Rh8 74. Rg7 Kh1 0-1

[Event "Mittelfranken Landesliga Sued 2122"]
[Site "Mittelfranken"]
[Date "2021.10.24"]
[Round "1.5"]
[White "Schlinkmeier, Karsten"]
[Black "Maruntis, Patrik Robert"]
[Result "1/2-1/2"]
[WhiteElo "2111"]
[BlackElo "2167"]
[PlyCount "119"]
[EventDate "2021.10.24"]
[EventType "team-tourn"]
[EventRounds "9"]
[EventCountry "GER"]
[SourceTitle "EXT 2024"]
[Source "ChessBase"]
[SourceDate "2023.10.10"]
[SourceVersion "1"]
[SourceVersionDate "2023.10.10"]
[SourceQuality "1"]
[WhiteTeam "Garching II"]
[BlackTeam "Muenchen SC II"]
[WhiteTeamCountry "GER"]
[BlackTeamCountry "GER"]

1. d4 Nf6 2. Bf4 g6 3. Nf3 Bg7 4. h3 0-0 5. e3 d6 6. Be2 a6 7. 0-0 Nbd7 8. c3 c5 9. a4 b6 10. Nbd2 Bb7 11. Bh2 Ne4 12. Nxe4 Bxe4 13. Nd2 Bb7 14. Bc4 Qc7 15. Qe2 e5 16. d5 f5 17. f3 Nf6 18. Bxe5 Rfe8 19. Bf4 Kh8 20. Qd3 Qe7 21. Rae1 Nh5 22. Bh2 Qd7 23. Ra1 Bh6 24. Rfe1 Qe7 25. Nf1 Bg5 26. b4 cxb4 27. cxb4 Bh4 28. Re2 Bc8 29. Rc1 Bf6 30. Rec2 f4 31. e4 g5 32. Kh1 Be5 33. Bg1 Qd8 34. Nd2 Ng3+ 35. Kh2 g4 36. fxg4 f3 37. Bd4 Qg5 38. Nxf3 Qf4 39. Nxe5 dxe5 40. Qxg3 Qxg3+ 41. Kxg3 exd4 42. Kf4 Bd7 43. Bb3 h5 44. gxh5 Re7 45. Re2 Rf8+ 46. Kg3 b5 47. a5 Be8 48. d6 Rg7+ 49. Kh2 d3 50. Rd2 Rg5 51. Rxd3 Bd7 52. Rc7 Bxh3 53. Rxh3 Rxg2+ 54. Kxg2 Rf2+ 55. Kh1 Rf1+ 56. Kh2 Rf2+ 57. Kg3 Rf3+ 58. Kh4 Rf4+ 59. Kg5 Rf5+ 60. Kxf5 1/2-1/2

[Event "Regionalliga Sued-West 1819"]
[Site "Bayern"]
[Date "2019.03.24"]
[Round "8.3"]
[White "Schlinkmeier, Karsten"]
[Black "Schoeneich, Matthias"]
[Result "0-1"]
[WhiteElo "2103"]
[BlackElo "2107"]
[PlyCount "62"]
[EventDate "2018.10.21"]
[EventType "team-tourn"]
[EventRounds "9"]
[EventCountry "GER"]
[SourceTitle "EXT 2022"]
[Source "ChessBase"]
[SourceDate "2021.10.06"]
[SourceVersion "1"]
[SourceVersionDate "2021.10.06"]
[SourceQuality "1"]
[WhiteTeam "Garching III"]
[BlackTeam "Muenchen Bayern III"]
[WhiteTeamCountry "GER"]
[BlackTeamCountry "GER"]

1. d4 d5 2. Bf4 Nf6 3. Nf3 g6 4. e3 Bg7 5. c4 c6 6. Bd3 Qa5+ 7. Nc3 dxc4 8. Bxc4 b5 9. Bb3 b4 10. Ne2 0-0 11. 0-0 Nbd7 12. Qc2 Ba6 13. a3 Qb5 14. Rfe1 c5 15. dxc5 Nxc5 16. Ned4 Qb6 17. Bc4 Bb7 18. Rec1 Nfd7 19. Bg5 Rfe8 20. Nb3 Ne4 21. axb4 Qxb4 22. Ra5 a6 23. Bd5 Nxg5 24. Nxg5 Rec8 25. Bxf7+ Kh8 26. Bc4 Bf6 27. Ne4 Bxe4 28. Qxe4 Nb6 29. Rxa6 Rxa6 30. Bxa6 Rxc1+ 31. Nxc1 Qe1+ 0-1

[Event "Regionalliga Sued-West 1819"]
[Site "Bayern"]
[Date "2018.11.25"]
[Round "3.3"]
[White "Schlinkmeier, Karsten"]
[Black "Dorendorf, Hagen"]
[Result "1-0"]
[WhiteElo "2103"]
[BlackElo "2019"]
[PlyCount "115"]
[EventDate "2018.10.21"]
[EventType "team-tourn"]
[EventRounds "9"]
[EventCountry "GER"]
[SourceTitle "EXT 2022"]
[Source "ChessBase"]
[SourceDate "2021.10.06"]
[SourceVersion "1"]
[SourceVersionDate "2021.10.06"]
[SourceQuality "1"]
[WhiteTeam "Garching III"]
[BlackTeam "Haar"]
[WhiteTeamCountry "GER"]
[BlackTeamCountry "GER"]

1. d4 Nf6 2. Bf4 d6 3. Nf3 g6 4. h3 Nbd7 5. e3 c5 6. c3 b6 7. Bc4 Bb7 8. Qb3 e6 9. Nbd2 a6 10. a4 b5 11. axb5 axb5 12. Rxa8 Qxa8 13. Be2 Qa1+ 14. Bd1 Qa5 15. 0-0 Nh5 16. Bh2 Be7 17. Be2 Bc6 18. c4 0-0 19. cxb5 Rb8 20. bxc6 Rxb3 21. Nxb3 Qa4 22. cxd7 Qxd7 23. dxc5 dxc5 24. Nbd2 Nf6 25. Nc4 Ne4 26. Rd1 Qb5 27. Kf1 Qb4 28. Be5 f6 29. Bh2 Kf7 30. Nfd2 Nxd2+ 31. Rxd2 e5 32. Rd1 Ke6 33. Bg3 h5 34. f3 Kf7 35. Be1 Qb8 36. Bc3 Kg7 37. Bd3 Kf7 38. Be4 Qa7 39. Kf2 h4 40. Kg1 Qa4 41. Bd5+ Kg7 42. Rc1 Kf8 43. Be1 g5 44. Bc3 Kg7 45. Kf2 Kf8 46. Nd2 Qd7 47. Bc4 f5 48. e4 g4 49. exf5 Qxf5 50. hxg4 Qf4 51. Rh1 Bg5 52. Ke1 e4 53. Rh3 e3 54. Ne4 Be7 55. Ke2 Ke8 56. g3 hxg3 57. Rxg3 Qh6 58. g5 1-0

[Event "Landesliga Sued 1718"]
[Site "Bayern"]
[Date "2017.11.12"]
[Round "2.8"]
[White "Stoer, Andreas"]
[Black "Schlinkmeier, Karsten"]
[Result "0-1"]
[WhiteElo "2108"]
[BlackElo "2098"]
[PlyCount "74"]
[EventDate "2017.10.22"]
[EventType "team-tourn"]
[EventRounds "9"]
[EventCountry "GER"]
[SourceTitle "EXT 2022"]
[Source "ChessBase"]
[SourceDate "2021.10.06"]
[SourceVersion "1"]
[SourceVersionDate "2021.10.06"]
[SourceQuality "1"]
[WhiteTeam "Kriegshaber SK"]
[BlackTeam "Garching II"]
[WhiteTeamCountry "GER"]
[BlackTeamCountry "GER"]

1. c4 c6 2. Nf3 Nf6 3. Nc3 d5 4. e3 a6 5. a4 b6 6. d4 e6 7. Bd3 Bb7 8. 0-0 Nbd7 9. Qe2 Bd6 10. e4 dxc4 11. Bxc4 e5 12. Rd1 Qc7 13. dxe5 Nxe5 14. Nxe5 Bxe5 15. f4 Bd6 16. e5 Bc5+ 17. Kh1 Nd5 18. Ne4 Qe7 19. Nxc5 Qxc5 20. Bxd5 cxd5 21. b3 Rc8 22. Ba3 Qc2 23. Qg4 Qg6 24. Qh3 h5 25. Qh4 Rc7 26. Rac1 d4 27. Qf2 Rxc1 28. Rxc1 Qe4 29. Re1 Qd5 30. Qg3 Kd8 31. Qxg7 Re8 32. Rd1 Kc8 33. Bd6 Bc6 34. h3 Qxb3 35. Rc1 Qxh3+ 36. Kg1 Qe3+ 37. Kh2 Qxf4+ 0-1

[Event "Regionalliga SW 1516"]
[Site "Bayern"]
[Date "2015.12.13"]
[Round "4.7"]
[White "Schlinkmeier, Karsten"]
[Black "Behling, Robert"]
[Result "1/2-1/2"]
[WhiteElo "2083"]
[BlackElo "2056"]
[PlyCount "39"]
[EventDate "2015.10.11"]
[EventType "team-tourn"]
[EventRounds "9"]
[EventCountry "GER"]
[SourceTitle "EXT 2018"]
[Source "ChessBase"]
[SourceDate "2017.10.13"]
[SourceVersion "1"]
[SourceVersionDate "2017.10.13"]
[SourceQuality "1"]
[WhiteTeam "Garching III"]
[BlackTeam "Haunstetten"]
[WhiteTeamCountry "GER"]
[BlackTeamCountry "GER"]

1. d4 d5 2. Bf4 Nf6 3. e3 c5 4. c3 Nc6 5. Nf3 Qb6 6. Qb3 c4 7. Qxb6 axb6 8. Na3 Bf5 9. Be2 e6 10. Nb5 Ra5 11. Nd6+ Bxd6 12. Bxd6 Ne4 13. Bb4 Nxb4 14. cxb4 Ra4 15. a3 Ke7 16. Nd2 Nd6 17. 0-0 Rha8 18. Rac1 b5 19. Bd1 R4a7 20. Rc3 1/2-1/2

[Event "Regionalliga SW 1415"]
[Site "Bayern"]
[Date "2014.10.19"]
[Round "1.6"]
[White "Amelang, Thomas"]
[Black "Schlinkmeier, Karsten"]
[Result "1-0"]
[WhiteElo "2099"]
[BlackElo "2083"]
[PlyCount "139"]
[EventDate "2014.10.19"]
[EventType "team-tourn"]
[EventRounds "9"]
[EventCountry "GER"]
[SourceTitle "EXT 2018"]
[Source "ChessBase"]
[SourceDate "2017.10.13"]
[SourceVersion "1"]
[SourceVersionDate "2017.10.13"]
[SourceQuality "1"]
[WhiteTeam "Muenchen Siemens"]
[BlackTeam "Garching II"]
[WhiteTeamCountry "GER"]
[BlackTeamCountry "GER"]

1. e4 c6 2. d4 d5 3. Nc3 dxe4 4. Nxe4 Nd7 5. Bc4 Ngf6 6. Nxf6+ Nxf6 7. Nf3 Bf5 8. 0-0 Qc7 9. c3 e6 10. Qe2 Bg4 11. h3 Bh5 12. Qe3 Nd5 13. Qe5 Bxf3 14. Qxc7 Nxc7 15. gxf3 Nd5 16. Bxd5 cxd5 17. Re1 b5 18. Bd2 Kd7 19. a4 Bd6 20. axb5 Rhb8 21. Ra6 Rxb5 22. b4 Rb6 23. Ra5 Kc6 24. Rea1 Kb7 25. Kf1 a6 26. Ke2 Rb5 27. R5a4 Bc7 28. Kd3 Ra7 29. Rg1 g6 30. Rga1 Bb6 31. Bf4 a5 32. Bd6 axb4 33. cxb4 Rxa4 34. Rxa4 Bd8 35. Bc5 Bc7 36. Kc3 Kc6 37. Ra6+ Kb7 38. Ra7+ Kb8 39. Ra2 Kc8 40. Kb3 Rb8 41. Ra6 Rb7 42. Ka4 Kd7 43. b5 Bb8 44. Ra8 f6 45. Ka5 e5 46. Ka6 Kc8 47. Ba7 exd4 48. Bxd4 Kc7 49. Ka5 Kd6 50. Ra6+ Ke7 51. b6 Kd7 52. Kb5 Kc8 53. Bxf6 Rf7 54. Bd4 Kb7 55. Ra3 Rf5 56. Re3 Rf7 57. Kc5 Rd7 58. Re6 Bf4 59. Rf6 Bg5 60. Re6 Be7+ 61. Kb5 Ba3 62. Re8 Bd6 63. Re6 Bf4 64. Rf6 Bc1 65. f4 Ba3 66. f5 gxf5 67. Rxf5 Bc1 68. f4 Bd2 69. Rf8 Bc1 70. Be5 1-0

[Event "Oberliga Bayern 1011"]
[Site "Germany"]
[Date "2011.04.10"]
[Round "9.8"]
[White "Giss, Helene"]
[Black "Schlinkmeier, Karsten"]
[Result "0-1"]
[WhiteElo "1978"]
[BlackElo "2119"]
[PlyCount "64"]
[EventDate "2010.10.10"]
[EventType "team-tourn"]
[EventRounds "9"]
[EventCountry "GER"]
[SourceTitle "EXT 2012"]
[Source "ChessBase"]
[SourceDate "2011.11.24"]
[SourceVersion "1"]
[SourceVersionDate "2011.11.24"]
[SourceQuality "1"]
[WhiteTeam "Dillingen"]
[BlackTeam "Garching"]
[WhiteTeamCountry "GER"]
[BlackTeamCountry "GER"]

1. e4 c6 2. d4 d5 3. exd5 cxd5 4. Bd3 Nf6 5. h3 g6 6. Nf3 Qc7 7. c3 Bf5 8. Bxf5 gxf5 9. Qa4+ Nbd7 10. Ne5 e6 11. Bf4 Bd6 12. Nd2 a6 13. Nxd7 Nxd7 14. Bxd6 Qxd6 15. Rd1 Rc8 16. Qb3 0-0 17. 0-0 b5 18. f4 Nf6 19. a3 Nh5 20. g4 fxg4 21. hxg4 Nxf4 22. Nf3 Ne2+ 23. Kf2 Ng3 24. Rg1 Ne4+ 25. Ke3 Kh8 26. Rg2 f6 27. Rh1 Rf7 28. Rh6 Rg8 29. Qd1 Rfg7 30. Qh1 Qe7 31. Rgh2 Ng3 32. Qg2 Nf5+ 0-1

[Event "Oberliga Bayern 1011"]
[Site "Germany"]
[Date "2010.12.12"]
[Round "4.8"]
[White "Schlinkmeier, Karsten"]
[Black "Alm, Christopher"]
[Result "0-1"]
[WhiteElo "2119"]
[BlackElo "2106"]
[PlyCount "58"]
[EventDate "2010.10.10"]
[EventType "team-tourn"]
[EventRounds "9"]
[EventCountry "GER"]
[SourceTitle "EXT 2012"]
[Source "ChessBase"]
[SourceDate "2011.11.24"]
[SourceVersion "1"]
[SourceVersionDate "2011.11.24"]
[SourceQuality "1"]
[WhiteTeam "Garching"]
[BlackTeam "Wuerzburg"]
[WhiteTeamCountry "GER"]
[BlackTeamCountry "GER"]

1. e4 c6 2. d4 d5 3. e5 c5 4. dxc5 Nc6 5. Bb5 e6 6. Be3 Nh6 7. c3 Nf5 8. Bd4 Bd7 9. Bxc6 Bxc6 10. b4 a5 11. a3 b6 12. cxb6 axb4 13. cxb4 Nxd4 14. Qxd4 Qg5 15. Qc3 Bb7 16. Ne2 Rc8 17. Qb2 d4 18. Qxd4 Qxg2 19. Rg1 Rc1+ 20. Nxc1 Qxg1+ 21. Kd2 Be7 22. Ne2 Bg5+ 23. Kc2 Qe1 24. Nbc3 Qxa1 25. Qd6 Qh1 26. Qb8+ Bd8 27. Nb5 Qe4+ 28. Kb3 0-0 29. Nec3 Bd5+ 0-1

[Event "Oberliga Bayern 0910"]
[Site "Bayern"]
[Date "2010.04.11"]
[Round "9.7"]
[White "Schlinkmeier, Karsten"]
[Black "Zuehlke, Burkhard"]
[Result "1-0"]
[WhiteElo "2140"]
[BlackElo "1998"]
[PlyCount "109"]
[EventDate "2009.10.18"]
[EventType "team-tourn"]
[EventRounds "9"]
[EventCountry "GER"]
[SourceTitle "EXT 2011"]
[Source "ChessBase"]
[SourceDate "2010.11.26"]
[SourceVersion "1"]
[SourceVersionDate "2010.11.26"]
[SourceQuality "1"]
[WhiteTeam "Garching"]
[BlackTeam "Zirndorf"]
[WhiteTeamCountry "GER"]
[BlackTeamCountry "GER"]

1. Nf3 d6 2. d4 g6 3. Bf4 Bg7 4. e3 Nd7 5. h3 Ngf6 6. Be2 0-0 7. 0-0 c5 8. c3 a6 9. a4 b6 10. Nbd2 Bb7 11. Bh2 Re8 12. Re1 Rc8 13. Bd3 e5 14. Nc4 Qc7 15. dxe5 Nxe5 16. Be2 Ne4 17. Qb3 Nxc4 18. Bxc4 Be5 19. Nxe5 dxe5 20. Red1 Rcd8 21. Qc2 Kg7 22. Rxd8 Rxd8 23. f3 Nf6 24. Rd1 Rxd1+ 25. Qxd1 Nd7 26. Qd3 f6 27. Bxa6 Bxa6 28. Qxa6 Qd6 29. Qe2 f5 30. Bg3 Nb8 31. Be1 Nc6 32. e4 f4 33. Qd2 Qxd2 34. Bxd2 c4 35. Kf1 Kf7 36. Be1 Nb8 37. Ke2 Ke6 38. Bf2 Nd7 39. Kd2 Kd6 40. Kc2 Kc6 41. b3 b5 42. a5 Kb7 43. g3 g5 44. h4 fxg3 45. Bxg3 gxh4 46. Bxh4 Nc5 47. b4 Nd3 48. Kd2 Kc6 49. Bg5 h5 50. Ke3 Kd7 51. Ke2 Kc6 52. Kf1 Kc7 53. Bd2 Kd7 54. Kg2 Nb2 55. Kh3 1-0

[Event "Oberliga Bayern 0910"]
[Site "Bayern"]
[Date "2010.03.21"]
[Round "8.6"]
[White "Schlinkmeier, Karsten"]
[Black "Scheckenbach, Franz"]
[Result "1/2-1/2"]
[WhiteElo "2140"]
[BlackElo "2155"]
[PlyCount "45"]
[EventDate "2009.10.18"]
[EventType "team-tourn"]
[EventRounds "9"]
[EventCountry "GER"]
[SourceTitle "EXT 2011"]
[Source "ChessBase"]
[SourceDate "2010.11.26"]
[SourceVersion "1"]
[SourceVersionDate "2010.11.26"]
[SourceQuality "1"]
[WhiteTeam "Garching"]
[BlackTeam "Groebenzell"]
[WhiteTeamCountry "GER"]
[BlackTeamCountry "GER"]

1. Nf3 c5 2. c3 d5 3. d4 e6 4. Bf4 Bd6 5. Bg3 Nc6 6. e3 Nf6 7. Bd3 0-0 8. Nbd2 b6 9. Ne5 Bb7 10. f4 Ne7 11. Bh4 Ne4 12. Nxe4 dxe4 13. Be2 Qc7 14. Bxe7 Bxe7 15. 0-0 Rad8 16. Qe1 f6 17. Ng4 Bd5 18. Qg3 Bd6 19. Qh3 f5 20. Ne5 cxd4 21. exd4 Bxe5 22. fxe5 Bc4 23. Bxc4 1/2-1/2

[Event "Oberliga Bayern 0910"]
[Site "Bayern"]
[Date "2009.11.15"]
[Round "2.7"]
[White "Schlinkmeier, Karsten"]
[Black "Krauss, Josef"]
[Result "1-0"]
[WhiteElo "2140"]
[BlackElo "2086"]
[PlyCount "95"]
[EventDate "2009.10.18"]
[EventType "team-tourn"]
[EventRounds "9"]
[EventCountry "GER"]
[SourceTitle "EXT 2011"]
[Source "ChessBase"]
[SourceDate "2010.11.26"]
[SourceVersion "1"]
[SourceVersionDate "2010.11.26"]
[SourceQuality "1"]
[WhiteTeam "Garching"]
[BlackTeam "Wuerzburg"]
[WhiteTeamCountry "GER"]
[BlackTeamCountry "GER"]

1. c4 c6 2. d4 d5 3. cxd5 cxd5 4. Nc3 Nf6 5. Nf3 Nc6 6. Bf4 Bf5 7. e3 e6 8. Bb5 Nd7 9. Qa4 Rc8 10. 0-0 a6 11. Bxc6 Rxc6 12. Rfc1 Qb6 13. Nd1 Be7 14. Rxc6 Qxc6 15. Qxc6 bxc6 16. Rc1 c5 17. dxc5 Nxc5 18. Nd4 Nd3 19. Rc8+ Bd8 20. Bc7 Kd7 21. Rxd8+ Rxd8 22. Bxd8 Kxd8 23. Nxf5 exf5 24. f4 Kd7 25. Kf1 Kc6 26. a3 Nc5 27. Ke2 f6 28. Nc3 h5 29. g3 g5 30. Kd2 Ne6 31. Ne2 Ng7 32. Kc3 h4 33. gxh4 gxh4 34. Nd4+ Kd6 35. h3 Kd7 36. Kb4 Kc7 37. Kc5 Nh5 38. Nxf5 Ng3 39. Nxh4 Ne4+ 40. Kxd5 Nf2 41. Ke6 Nxh3 42. Kxf6 Nf2 43. Ke6 Nd1 44. f5 Nxb2 45. f6 Nd3 46. f7 Nc5+ 47. Ke7 Nd7 48. e4 1-0

[Event "Landesliga Sued 0809"]
[Site "Bayern"]
[Date "2009.03.15"]
[Round "8.8"]
[White "Giss, Helene"]
[Black "Schlinkmeier, Karsten"]
[Result "0-1"]
[WhiteElo "2034"]
[BlackElo "2115"]
[PlyCount "58"]
[EventDate "2008.10.05"]
[EventType "team-tourn"]
[EventRounds "9"]
[EventCountry "GER"]
[SourceTitle "EXT 2020"]
[Source "ChessBase"]
[SourceDate "2019.10.17"]
[SourceVersion "1"]
[SourceVersionDate "2019.10.17"]
[SourceQuality "1"]
[WhiteTeam "Dillingen"]
[BlackTeam "Garching"]
[WhiteTeamCountry "GER"]
[BlackTeamCountry "GER"]

1. e4 c6 2. d4 d5 3. exd5 cxd5 4. Bd3 Nf6 5. Nf3 Bg4 6. 0-0 Nc6 7. c3 Qc7 8. h3 Bh5 9. Re1 e6 10. Bg5 Nd7 11. Nbd2 Bd6 12. Qc2 Bg6 13. Bxg6 hxg6 14. Nh4 Rh5 15. Ndf3 Nf8 16. g4 Rh8 17. Rac1 Be7 18. Bxe7 Qxe7 19. c4 0-0-0 20. Qa4 Kb8 21. c5 Rxh4 22. Nxh4 Qxh4 23. Rc3 Qf6 24. Rd1 g5 25. Kg2 Ng6 26. Rf3 Nf4+ 27. Kf1 Qg6 28. Ra3 Qe4 29. f3 Qe2+ 0-1

[Event "Landesliga Sued 0809"]
[Site "Bayern"]
[Date "2009.02.01"]
[Round "6.8"]
[White "Wachelka, Artur"]
[Black "Schlinkmeier, Karsten"]
[Result "1/2-1/2"]
[WhiteElo "1826"]
[BlackElo "2115"]
[PlyCount "85"]
[EventDate "2008.10.05"]
[EventType "team-tourn"]
[EventRounds "9"]
[EventCountry "GER"]
[SourceTitle "EXT 2020"]
[Source "ChessBase"]
[SourceDate "2019.10.17"]
[SourceVersion "1"]
[SourceVersionDate "2019.10.17"]
[SourceQuality "1"]
[WhiteTeam "Muenchen Zugzwang"]
[BlackTeam "Garching"]
[WhiteTeamCountry "GER"]
[BlackTeamCountry "GER"]

1. d4 d5 2. c4 c6 3. Nc3 Nf6 4. Nf3 dxc4 5. a4 Bg4 6. Ne5 Bh5 7. g3 Na6 8. Bg2 Nb4 9. 0-0 a5 10. Nxc4 e6 11. Qb3 Be7 12. Rd1 0-0 13. Kh1 Nd7 14. f3 f6 15. Na2 Bf7 16. Nxb4 Bxb4 17. Qc2 Nb6 18. Nxb6 Qxb6 19. Be3 Rfd8 20. Bg1 Qc7 21. e4 h5 22. Bf1 Rac8 23. Rac1 h4 24. g4 Bd6 25. h3 Bf4 26. Ra1 Qe7 27. Qc5 Qxc5 28. dxc5 Bd2 29. Ra3 e5 30. Rd3 Rxd3 31. Bxd3 Bb4 32. Bc2 Be6 33. Kg2 Kf7 34. Be3 Ke7 35. Kf2 g6 36. Ke2 Bc4+ 37. Kf2 Rf8 38. Rd6 g5 39. b3 Be6 40. Ke2 Rc8 41. Rd1 Rb8 42. Rb1 Kd7 43. Bd3 1/2-1/2

[Event "Landesliga Sued 0708"]
[Site "Bayern"]
[Date "2008.04.06"]
[Round "8.7"]
[White "Schlinkmeier, Karsten"]
[Black "Hackbarth, Wolfgang"]
[Result "0-1"]
[WhiteElo "2124"]
[BlackElo "2105"]
[PlyCount "96"]
[EventDate "2007.10.21"]
[EventType "team-tourn"]
[EventRounds "9"]
[EventCountry "GER"]
[SourceTitle "EXT 2009"]
[Source "ChessBase"]
[SourceDate "2008.11.26"]
[SourceVersion "1"]
[SourceVersionDate "2008.11.26"]
[SourceQuality "1"]
[WhiteTeam "Garching"]
[BlackTeam "Rottal"]
[WhiteTeamCountry "GER"]
[BlackTeamCountry "GER"]

1. b3 e5 2. Bb2 Nc6 3. c4 Nf6 4. d3 Bb4+ 5. Nd2 d5 6. a3 Bxd2+ 7. Qxd2 0-0 8. Nf3 Qe7 9. cxd5 Nxd5 10. g3 Rd8 11. Bg2 Bg4 12. e3 e4 13. dxe4 Nf4 14. gxf4 Rxd2 15. Nxd2 Rd8 16. Bf1 Qd6 17. Bc3 f6 18. b4 a6 19. Rg1 Bh5 20. f3 Bf7 21. Be2 Kf8 22. Kf2 g5 23. e5 fxe5 24. fxg5 Bg6 25. Rad1 Qe6 26. Ra1 Bd3 27. Rg4 Qd5 28. Bd1 Bf5 29. Rg1 Qf7 30. Be2 Bd3 31. Bd1 Qh5 32. Rg2 Qh4+ 33. Rg3 Qxh2+ 34. Rg2 Qh4+ 35. Rg3 Rd7 36. Bb3 Qh2+ 37. Rg2 Qh4+ 38. Kg1 Rg7 39. f4 Qh3 40. Kf2 Re7 41. Rg3 Qh2+ 42. Rg2 Qh4+ 43. Kg1 exf4 44. exf4 Re2 45. Nf1 Rxg2+ 46. Kxg2 Be4+ 47. Kg1 Qh1+ 48. Kf2 Qf3+ 0-1

[Event "Landesliga Sued 0708"]
[Site "Bayern"]
[Date "2008.02.17"]
[Round "6.7"]
[White "Schlinkmeier, Karsten"]
[Black "Gayer, Michael"]
[Result "1/2-1/2"]
[WhiteElo "2124"]
[BlackElo "2003"]
[PlyCount "55"]
[EventDate "2007.10.21"]
[EventType "team-tourn"]
[EventRounds "9"]
[EventCountry "GER"]
[SourceTitle "EXT 2009"]
[Source "ChessBase"]
[SourceDate "2008.11.26"]
[SourceVersion "1"]
[SourceVersionDate "2008.11.26"]
[SourceQuality "1"]
[WhiteTeam "Garching"]
[BlackTeam "Krumbach"]
[WhiteTeamCountry "GER"]
[BlackTeamCountry "GER"]

1. Nf3 Nf6 2. b3 g6 3. Bb2 Bg7 4. c4 0-0 5. d3 c6 6. e3 d6 7. Nbd2 e5 8. c5 e4 9. dxe4 dxc5 10. e5 Nd5 11. Ne4 Nd7 12. Bc4 Qa5+ 13. Kf1 Nxe5 14. Nxe5 Re8 15. Bxd5 Bxe5 16. Nf6+ Bxf6 17. Bxf6 cxd5 18. Kg1 d4 19. exd4 cxd4 20. h4 Bf5 21. Qxd4 Re4 22. Qb2 Qb4 23. Kh2 Rae8 24. Rhd1 Re2 25. Qxe2 Rxe2 26. Rd8+ Qf8 27. Rad1 Re8 28. Rxe8 1/2-1/2

[Event "Landesliga Sued 0708"]
[Site "Bayern"]
[Date "2007.11.25"]
[Round "3.7"]
[White "Giss, Helene"]
[Black "Schlinkmeier, Karsten"]
[Result "0-1"]
[WhiteElo "2004"]
[BlackElo "2124"]
[PlyCount "46"]
[EventDate "2007.10.21"]
[EventType "team-tourn"]
[EventRounds "9"]
[EventCountry "GER"]
[SourceTitle "EXT 2009"]
[Source "ChessBase"]
[SourceDate "2008.11.26"]
[SourceVersion "1"]
[SourceVersionDate "2008.11.26"]
[SourceQuality "1"]
[WhiteTeam "Dillingen"]
[BlackTeam "Garching"]
[WhiteTeamCountry "GER"]
[BlackTeamCountry "GER"]

1. e4 c6 2. d4 d5 3. exd5 cxd5 4. Bd3 Nf6 5. h3 Nc6 6. c3 g6 7. Nf3 Qc7 8. 0-0 Bf5 9. Bxf5 gxf5 10. Re1 e6 11. Bg5 Ne4 12. Nbd2 Rg8 13. Bh4 Qf4 14. Nxe4 dxe4 15. Bg3 Qh6 16. d5 0-0-0 17. Qc1 exf3 18. dxc6 bxc6 19. Qe3 Qxe3 20. Rxe3 Rxg3 21. fxg3 Bc5 22. Rae1 Rd3 23. Kf2 fxg2 0-1

[Event "Landesliga Sued 0607"]
[Site "Bayern"]
[Date "2007.03.18"]
[Round "7.5"]
[White "Mueller, Michael3333"]
[Black "Schlinkmeier, Karsten"]
[Result "0-1"]
[WhiteElo "2073"]
[BlackElo "2107"]
[PlyCount "70"]
[EventDate "2006.10.15"]
[EventType "team-tourn"]
[EventRounds "9"]
[EventCountry "GER"]
[SourceTitle "EXT 2008"]
[Source "ChessBase"]
[SourceDate "2007.11.25"]
[SourceVersion "1"]
[SourceVersionDate "2007.11.25"]
[SourceQuality "1"]
[WhiteTeam "Bayerwald"]
[BlackTeam "Garching"]
[WhiteTeamCountry "GER"]
[BlackTeamCountry "GER"]

1. Nf3 Nf6 2. c4 c6 3. g3 d5 4. Bg2 Bg4 5. Ne5 Bh5 6. cxd5 cxd5 7. Nc3 e6 8. Qa4+ Nbd7 9. g4 Bg6 10. h4 a6 11. Nxd7 Qxd7 12. Qxd7+ Kxd7 13. h5 Be4 14. Nxe4 Nxe4 15. a3 Nc5 16. 0-0 Nb3 17. Rb1 Rc8 18. e4 d4 19. e5 Rc7 20. d3 Be7 21. Bf4 g5 22. hxg6 fxg6 23. Rfe1 b5 24. g5 a5 25. Bd5 exd5 26. e6+ Kd8 27. Bxc7+ Kxc7 28. f4 Rf8 29. Rf1 Kd6 30. Rbe1 Nc5 31. Kh2 Nxd3 32. Rd1 Rxf4 33. Rxf4 Nxf4 34. Rxd4 Nxe6 35. Rh4 Nxg5 0-1

[Event "Landesliga Sued 0607"]
[Site "Bayern"]
[Date "2007.02.25"]
[Round "6.5"]
[White "Schlinkmeier, Karsten"]
[Black "Duer, Werner"]
[Result "1/2-1/2"]
[WhiteElo "2107"]
[BlackElo "2199"]
[PlyCount "23"]
[EventDate "2006.10.15"]
[EventType "team-tourn"]
[EventRounds "9"]
[EventCountry "GER"]
[SourceTitle "EXT 2008"]
[Source "ChessBase"]
[SourceDate "2007.11.25"]
[SourceVersion "1"]
[SourceVersionDate "2007.11.25"]
[SourceQuality "1"]
[WhiteTeam "Garching"]
[BlackTeam "Pang/Rosenheim"]
[WhiteTeamCountry "GER"]
[BlackTeamCountry "GER"]

1. c4 c6 2. d4 d5 3. cxd5 cxd5 4. Nc3 Nf6 5. Nf3 Nc6 6. Bf4 Bf5 7. e3 e6 8. Bb5 Nd7 9. Qa4 Qb6 10. 0-0 Be7 11. Rfc1 0-0 12. Bxc6 1/2-1/2